Янжул Е. "Итальянский детский сад по системе госпожи Монтессори"

Доступно только в Электронных читальных залах Найти на картеНа карте
RUSMARC
00003711nac2a22002651x 450
001a1955f33-0218-46c0-b902-af4266790d2b
00520131113030211.0
100##$a20130605l1912 k y0rusy50 ca
1010#$arus
102##$aRU
105##$ay z |||||
2001#$aЯнжул Е. "Итальянский детский сад по системе госпожи Монтессори"
$jМай 1912
215##$a48 листов
251##$cДело
300##$aС дарственной надписью автора А. Ф. Кони
300##$aТипографский текст
330##$aМатериалы, преподнесенные и посвященные А. Ф. Кони; Книги и другие печатные издания
461#0$10013a54f2e3-e9cf-409b-80fa-f0a9bd3c40cb
$12001
$aКони Анатолий Федорович, юрист, литератор, член академии наук, председатель Санкт-Петербургского окружного суда, член государственного совета
$1251
$cФонд
$1852
$j564
462#0$100178a475cd-a47d-4377-bff3-cee4b81de655
$12001
$aОпись дел фонда А. Ф. Кони за 1880-1931 гг.
$1251
$cОпись
$1852
$j1
600#1$aКони
$bА. Ф.
$f1844-1927
$gАнатолий Федорович
600#1$aЯнжул
$bЕ.
$gЕкатерина
600#1$aМонтессори
801#0$aRU
$bGA_RF
801#1$aRU
$bНПО Опыт
$c20130605
$2rusmarc
801#2$aRU
$bПБ им. Б.Н. Ельцина
$c20131113
$gRCR
$2rusmarc
852##$aГА РФ
$j4192
937##$d41482033
$hПБ
035##$aRuPRLIB51007012
Формат отображения